Famous Argentines by Picture - Statistics

General Stats
  • This quiz has been taken 69 times
  • The average score is 8 of 16
Answer Stats
Picture Hint Answer % Correct
1987– Lionel Messi
96%
1928–1967 Che Guevara
93%
1936–2025 Pope Francis
93%
1960–2020 Diego Maradona
88%
1919–1952 Eva Perón
70%
1895–1974 Juan Perón
65%
1970– Javier Milei
54%
1911–1995 Juan Manuel Fangio
47%
1970– Gabriela Sabatini
35%
1899–1968 Jorge Luis Borges
33%
1778–1850 José de San Martín
33%
1914–1984 Julio Cortázar
26%
1932–2020 Quino
26%
1957– Ricardo Darín
26%
1935–2009 Mercedes Sosa
23%
1942–1995 Carlos Monzón
21%
No matching quizzes found
Score Distribution
Percent of People with Each Score
Percentile by Number Answered
Your Score History
You have not taken this quiz